Billboard Year-End Top 100 - 2000 - Statistics

General Stats
  • This quiz has been taken 23 times
  • The average score is 32 of 100
Answer Stats
Number Song Title Artist % Correct
2 Smooth Santana feat. Rob Thomas
82%
55 Oops! ... I Did It Again Britney Spears
71%
21 Bye Bye Bye NSYNC
65%
6 Say My Name Destiny's Child
65%
49 Blue (Da Ba Dee) Eiffel 65
59%
3 Maria Maria Santana feat. The Product G&B
59%
14 Thong Song Sisqo
59%
40 All the Small Things Blink-182
53%
8 Amazed Lonestar
53%
27 It's Gonna Be Me NSYNC
53%
17 Music Madonna
53%
51 The Real Slim Shady Eminem
53%
12 Try Again Aaliyah
53%
9 Bent Matchbox Twenty
47%
1 Breathe Faith Hill
47%
25 Incomplete Sisqo
47%
16 There You Go Pink
47%
19 What a Girl Wants Christina Aguilera
47%
37 Be With You Enrique Iglesias
41%
38 Come On Over Baby (All I Want is You) Christina Aguilera
41%
29 Country Grammar (Hot Shit) Nelly
41%
73 Forgot About Dre Dr. Dre feat. Eminem
41%
11 Higher Creed
41%
97 Independent Women Part 1 Destiny's Child
41%
26 I Try Macy Gray
41%
13 Jumpin Jumpin Destiny's Child
41%
71 Party Up (Up in Here) DMX
41%
100 Shackles (Praise You) Mary Mary
41%
36 With Arms Wide Open Creed
41%
72 Case of the Ex (Whatcha Gonna Do) Mya
35%
18 Doesn't Really Matter Janet (Jackson)
35%
5 Everything You Want Vertical Horizon
35%
10 He Wasn't Man Enough Toni Braxton
35%
7 I Knew I Loved You Savage Garden
35%
23 I Need to Know Marc Anthony
35%
42 I Turn to You Christina Aguilera
35%
4 I Wanna Know Joe
35%
15 Kryptonite 3 Doors Down
35%
58 Take a Picture Filter
35%
45 Thank God I Found You Mariah Carey feat. Joe and 98 Degrees
35%
76 The Next Episode Dr. Dre feat. Snoop Dogg
35%
41 The Way You Love Me Faith Hill
35%
99 Waiting for Tonight Jennifer Lopez
35%
35 Absolutely (Story of a Girl) Nine Days
29%
20 Back at One Brian McKnight
29%
60 Big Pimpin Jay-Z feat. UGK
29%
86 Don't Think I'm Not Kandi
29%
77 From the Bottom of My Broken Heart Britney Spears
29%
32 Hot Boyz Missy Elliot feat. Nas, Eve, and Q-Tip
29%
87 I Hope You Dance Lee Ann Womack with Sons of the Desert
29%
56 I Wanna Love You Forever Jessica Simpson
29%
52 Most Girls Pink
29%
68 Shake Ya Ass Mystikal
29%
31 Show Me the Meaning of Being Lonely Backstreet Boys
29%
74 That's the Way Jo Dee Meddina
29%
28 That's the Way It Is Celine Dion
29%
53 Wifey Next
29%
69 Bag Lady Erykah Badu
24%
88 Better Off Alone Alice Deejay
24%
94 Bounce with Me Lil Bow Wow feat. Xscape
24%
84 Broadway Goo Goo Dolls
24%
95 Cowboy Take Me Away Dixie Chicks (The Chicks)
24%
50 Desert Rose Sting feat. Cheb Mami
24%
66 Faded soulDecision feat. Thrust
24%
24 Get It On Tonite Montell Jordan
24%
64 I Wish Carl Thomas
24%
46 Let's Get Married Jagged Edge
24%
70 Meet Virginia Train
24%
47 My Love Is Your Love Whitney Houston
24%
43 Never Let You Go Third Eye Blind
24%
39 No More Ruff Endz
24%
67 Only God Knows Why Kid Rock
24%
59 Otherside Red Hot Chili Peppers
24%
48 Then the Morning Comes Smash Mouth
24%
65 U Know What's Up Donell Jones
24%
81 Where I Wanna Be Donell Jones
24%
54 Wonderful Everclear
24%
22 You Sang to Me Marc Anthony
24%
33 Back Here BBMak
18%
30 Bring It All to Me Blaque
18%
93 Girl on TV LFO
18%
57 Give Me Just One Night (Una Noche) 98 Degrees
18%
98 Gotta Tell You Samantha Mumba
18%
96 I Don't Wanna Aaliyah
18%
91 I Like It Sammie
18%
44 I Need You LeAnn Rimes
18%
34 It Feels So Good Sonique
18%
63 Separated Avant
18%
85 What'chu Like Da Brat feat. Tyrese
18%
78 Crash and Burn Savage Garden
12%
89 Dance with Me Deborah Morgan
12%
82 How Do You Like Me Now?! Toby Keith
12%
83 My Best Friend Tim McGraw
12%
79 Yes! Chad Brock
12%
92 24/7 Kevon Edmonds
6%
62 He Can't Love U Jagged Edge
6%
61 Purest of Pain (A Puro Dolor) Son by Four
6%
75 Swear It Again Westlife
6%
80 The Best Day George Strait
6%
90 What About Now Lonestar
6%
No matching quizzes found
Score Distribution
Percent of People with Each Score
Percentile by Number Answered
Your Score History
You have not taken this quiz